000 00432 a2200169 4500
001 190717
020 _a85-00-01356-7
040 _cMagnum
100 _aStrausz, Rosa Amanda
240 1 0 _a13 Dos melhores contos de amor da literatura brasileira
_lpor
245 1 0 _a13 Dos melhores contos de amor da literatura brasileira
300 _a156
362 0 _a2003
440 1 _aEdiouro
697 _aLITERATURA GERAL
942 _cBK
999 _c190717
_d190717